[Event "2. Bundesliga West 2004/2005"]
[Site "Salzburg"]
[Date "2005.03.06"]
[Round "11.5"]
[White "Ferrari, Josef"]
[Black "Mira, Helene"]
[Result "1-0"]
[WhiteElo "2220"]
[BlackElo "2144"]
[PlyCount "79"]
[EventDate "2004.10.16"]

1. d4 d5 2. Nf3 Nf6 3. c4 c6 4. Nc3 dxc4 5. a4 Bf5 6. Ne5 e6 7. Bg5 Bb4 8. Nxc4
Nbd7 9. e3 h6 10. Bh4 g5 11. Bg3 Ne4 12. Rc1 Nxg3 13. hxg3 b5 14. Nd2 a6 15.
Be2 Rb8 16. Bf3 c5 17. Bc6 cxd4 18. exd4 Ke7 19. O-O Bxc3 20. Rxc3 Nf6 21. axb5
axb5 22. Nf3 b4 23. Rc1 Bg4 24. Re1 Bxf3 25. gxf3 Rc8 26. Rc4 Qd6 27. Qa4 Rc7
28. d5 Rb8 29. b3 Kf8 30. dxe6 fxe6 31. Qa1 Kf7 32. Rec1 Re7 33. Rd1 Nd5 34.
Qd4 Rd8 35. Qe4 Kg7 36. Bxd5 exd5 37. Qd4+ Re5 38. Rxb4 Kg8 39. Kg2 Rf8 40. Rb6
1-0

[Event "2. Bundesliga West 2004/2005"]
[Site "Salzburg"]
[Date "2005.03.06"]
[Round "11.5"]
[White "Heilinger, Dietmar"]
[Black "Gerhold, Michael"]
[Result "0-1"]
[WhiteElo "2167"]
[BlackElo "2203"]
[PlyCount "126"]
[EventDate "2004.10.16"]

1. c4 e5 2. g3 Nc6 3. Bg2 g6 4. Nc3 f5 5. d3 Bg7 6. e4 d6 7. Nge2 Nh6 8. Nd5
O-O 9. O-O g5 10. f3 f4 11. g4 Be6 12. h3 Nf7 13. b3 Nd4 14. Bb2 c6 15. Ndc3
Nh8 16. Nb1 Ng6 17. Nd2 Kf7 18. Rc1 c5 19. Nc3 Rh8 20. Nd5 h5 21. Kf2 Qd7 22.
Bxd4 exd4 23. e5 Nxe5 24. Ne4 Kg6 25. gxh5+ Rxh5 26. Rg1 Rf8 27. Qe2 Kh6 28.
Rcf1 Ng6 29. Ke1 Bxd5 30. cxd5 Ne7 31. Rh1 Rh4 32. Rfg1 Bf6 33. Bf1 Nxd5 34.
Rg4 Ne3 35. Rxh4+ gxh4 36. Rg1 Be7 37. Nf2 Qe6 38. Ng4+ Kh7 39. Nxe3 Qxe3 40.
Qxe3 dxe3 41. d4 cxd4 42. Bd3+ Kh8 43. Ke2 Rg8 44. Rxg8+ Kxg8 45. Bc4+ Kg7 46.
Kd3 Bf6 47. Ke4 Be5 48. Kf5 Kf8 49. Kg5 Ke7 50. Kxh4 d3 51. Bxd3 Ke6 52. Bc4+
d5 53. Bf1 Bg7 54. Kg4 Ke5 55. h4 Kd4 56. Kxf4 Bh6+ 57. Kf5 Kc3 58. Ke5 d4 59.
Ke4 Bg7 60. h5 Kd2 61. h6 Bh8 62. f4 e2 63. Bxe2 Kxe2 0-1

[Event "2. Bundesliga West 2004/2005"]
[Site "Salzburg"]
[Date "2005.03.06"]
[Round "11.6"]
[White "Ivanov, Mikhail"]
[Black "Dobosz, Henryk"]
[Result "1-0"]
[WhiteElo "2463"]
[BlackElo "2453"]
[PlyCount "81"]
[EventDate "2004.10.16"]

1. d4 d5 2. c4 e6 3. Nf3 c6 4. Qc2 Nd7 5. Bf4 Ngf6 6. e3 Be7 7. cxd5 exd5 8.
Nc3 Nh5 9. Bg3 g6 10. Bd3 O-O 11. O-O-O Nxg3 12. hxg3 Bf6 13. Rh2 Re8 14. Kb1
Nf8 15. Ne2 Qd6 16. Nf4 Bd7 17. Rdh1 Rac8 18. Qb3 Rb8 19. Bc2 b6 20. Nd3 Be6
21. Nfe5 c5 22. Qa3 Qc7 23. f4 Rec8 24. Rc1 a5 25. Nf2 cxd4 26. exd4 Bf5 27.
Qc3 Qb7 28. Qd2 Rxc2 29. Rxc2 Bxc2+ 30. Qxc2 Ne6 31. Qd3 Rc8 32. Nfg4 Bg7 33.
f5 Qc7 34. a3 Qc1+ 35. Ka2 Rc2 36. Qb5 Nc7 37. Qxb6 gxf5 38. Qb8+ Bf8 39. Nf6+
Kg7 40. Rxh7+ Kxf6 41. Rxf7+ 1-0

[Event "2. Bundesliga West 2004/2005"]
[Site "Salzburg"]
[Date "2005.03.06"]
[Round "11.6"]
[White "Eisenbeiser, Amadeus"]
[Black "Karpatchev, Aleksandr"]
[Result "0-1"]
[WhiteElo "2304"]
[BlackElo "2484"]
[PlyCount "60"]
[EventDate "2004.10.16"]

1. e4 e5 2. Bc4 Nf6 3. d3 c6 4. Nf3 d5 5. exd5 cxd5 6. Bb5+ Bd7 7. Bxd7+ Nbxd7
8. O-O Bd6 9. Bg5 O-O 10. Nc3 h6 11. Bh4 Qb6 12. Rb1 Rac8 13. d4 exd4 14. Nxd4
Be5 15. Nf5 Qe6 16. Qf3 g6 17. Bxf6 Nxf6 18. Ng3 Bxc3 19. bxc3 b6 20. Rfe1 Qd6
21. Re3 Rfe8 22. Rd1 Rxe3 23. Qxe3 Kg7 24. Rd3 Qa3 25. Qd4 Qc1+ 26. Nf1 Rc4 27.
Qe3 Qxc2 28. f3 Qxa2 29. Qe5 Rc6 30. Qd4 Qc4 0-1

[Event "2. Bundesliga West 2004/2005"]
[Site "Salzburg"]
[Date "2005.03.06"]
[Round "11.6"]
[White "Lickleder, Andreas"]
[Black "Schmidlechner, Alexander"]
[Result "0-1"]
[WhiteElo "2251"]
[BlackElo "2212"]
[PlyCount "96"]
[EventDate "2004.10.16"]

1. e4 c5 2. Nf3 Nc6 3. Bb5 g6 4. Bxc6 dxc6 5. d3 Bg7 6. O-O Nf6 7. h3 Nd7 8.
Nbd2 Nf8 9. Nc4 Ne6 10. a4 a5 11. Bd2 b6 12. Nfe5 Qc7 13. f4 O-O 14. Ng4 f5 15.
exf5 Rxf5 16. Nge5 b5 17. axb5 cxb5 18. Ne3 Rxf4 19. Rxf4 Nxf4 20. Qf3 Bb7 21.
Qxf4 Qxe5 22. Qxe5 Bxe5 23. Rxa5 Rxa5 24. Bxa5 Bxb2 25. c3 Kf7 26. Kf2 e5 27.
Nd1 Ba3 28. Bb6 Ke6 29. c4 e4 30. dxe4 bxc4 31. Nc3 Bb4 32. Na4 Bxe4 33. Nxc5+
Kd5 34. Nd7 Kc6 35. Nf6 Bxg2 36. Be3 Bxh3 37. Kg3 Bf5 38. Nxh7 Bd6+ 39. Kf3 c3
40. Bc1 Be5 41. Ng5 Kd5 42. Ke3 Bd4+ 43. Kf3 Kc4 44. Nf7 Kd3 45. Nd6 Be5 46.
Nf7 Bc7 47. Ng5 Kc2 48. Ba3 Kb1 0-1

[Event "2. Bundesliga West 2004/2005"]
[Site "Salzburg"]
[Date "2005.03.06"]
[Round "11.6"]
[White "Hengl, Christian"]
[Black "Hager, Franz"]
[Result "1/2-1/2"]
[WhiteElo "2220"]
[BlackElo "2224"]
[PlyCount "82"]
[EventDate "2004.10.16"]

1. e4 d6 2. Nc3 g6 3. g3 Bg7 4. Bg2 c5 5. d3 Nc6 6. f4 e6 7. Nf3 Nge7 8. O-O
Rb8 9. Be3 Nd4 10. e5 Nef5 11. Bf2 Nxf3+ 12. Qxf3 dxe5 13. Bxc5 b6 14. Ba3 b5
15. Bc5 Nd4 16. Qf2 f5 17. Bxa7 Rb7 18. Bxd4 exd4 19. Ne2 b4 20. Rae1 Rc7 21.
Nc1 Kf7 22. Re2 Qd6 23. Rfe1 Bd7 24. Nb3 Qb6 25. h3 Rhc8 26. g4 Bf6 27. g5 Bg7
28. Bf3 Ra7 29. Nc1 Qd6 30. Bg2 h6 31. h4 Rh8 32. Kf1 Ra5 33. Nb3 Rxa2 34. Nd2
hxg5 35. hxg5 Ra6 36. Nc4 Qc7 37. Kg1 Rh7 38. Re5 Qa7 39. R5e2 Bb5 40. Ne5+
Bxe5 41. Rxe5 Bd7 1/2-1/2

[Event "2. Bundesliga West 2004/2005"]
[Site "Salzburg"]
[Date "2005.03.06"]
[Round "11.6"]
[White "Waggerl, Franz"]
[Black "Wallis, Toni"]
[Result "1/2-1/2"]
[WhiteElo "2129"]
[BlackElo "2177"]
[PlyCount "82"]
[EventDate "2004.10.16"]

1. f4 Nf6 2. Nf3 g6 3. g3 b6 4. Bg2 Bb7 5. d3 d5 6. O-O Bg7 7. e4 dxe4 8. Ng5
O-O 9. Nc3 Na6 10. Ncxe4 Nxe4 11. Nxe4 Qd4+ 12. Kh1 Nc5 13. Qe2 Nxe4 14. dxe4
Rad8 15. h3 Rd7 16. g4 e6 17. Bf3 Rfd8 18. Rg1 Qa4 19. Qg2 Bd4 20. Re1 Bc5 21.
Kh2 Qb4 22. Qf1 Qa5 23. Kg3 Bb4 24. c3 Be7 25. Be3 Qa4 26. h4 Bxe4 27. b3 Qc6
28. Bxe4 Qxe4 29. Bd4 Qb7 30. f5 exf5 31. gxf5 c5 32. fxg6 Bd6+ 33. Kh3 fxg6
34. Bf6 Rf8 35. Qc4+ Rdf7 36. Re3 b5 37. Qe6 Qd7 38. Qxd7 Rxd7 39. Re6 Bb8 40.
Kg4 Rff7 41. Kg5 Bc7 1/2-1/2

[Event "2. Bundesliga West 2004/2005"]
[Site "Salzburg"]
[Date "2005.03.06"]
[Round "11.6"]
[White "Kranz, Armin"]
[Black "Schiner, Hartmut"]
[Result "1-0"]
[WhiteElo "2149"]
[BlackElo "2219"]
[PlyCount "63"]
[EventDate "2004.10.16"]

1. d4 d5 2. Nf3 Nc6 3. Bf4 Bg4 4. e3 e6 5. c4 Bb4+ 6. Nc3 Nf6 7. Rc1 O-O 8. h3
Bxf3 9. Qxf3 Ne4 10. Bd3 f5 11. Rc2 g5 12. Bh2 Qf6 13. a3 Bxc3+ 14. bxc3 Ne7
15. Bxc7 Qg6 16. c5 Rf7 17. Qd1 Rc8 18. Bh2 Qh6 19. O-O Ng6 20. c4 g4 21. hxg4
Nh4 22. cxd5 Nxg2 23. Bxe4 Nh4 24. dxe6 Rg7 25. Bd5 fxg4 26. Bg3 Qh5 27. Be4
Rf8 28. Bxh4 Qxh4 29. Bg2 Rf3 30. c6 g3 31. fxg3 Rfxg3 32. c7 1-0